| 000 | 01602nam a2200241Ia 4500 | ||
|---|---|---|---|
| 003 | Ost | ||
| 005 | 20260507074902.0 | ||
| 008 | 260507s9999||||xx |||||||||||||| ||und|| | ||
| 020 | _a×977408053 | ||
| 040 | _cfsecg | ||
| 041 | _aara | ||
| 082 | _a350 | ||
| 100 |
_aستيتل، جون _eمؤلف |
||
| 245 | 0 |
_aمهارات الإدارة الحديثة : _bكيف تكتب التقارير السنوية لعرضها على المساهمين؟ / _c جون ستيتل |
|
| 260 |
_aالقاهرة: _bدار الفاروق للنشر والتوزيع, _c[دون تاريخ] |
||
| 300 |
_a326 صفحة؛ _bإيضاحات ؛ _c24 سم |
||
| 520 | _aيضم الرسالة، الأتصال والإدارة والمساءلة الإدارية، الهيكل التنظيمي للتقارير السنوية، محتوى التقارير وأنواعها، محتوى القوائم المالية، التقارير والبيانات والمراجعات الرئيسية، تقارير محاسبي الحسابات، القوائم المالية الملخصة والتقارير المؤقتة، إدارة الشركة، شرح الإجراءات وجمعيات الإسكان، التقارير البيئية والإجتماعية، تخطيط التقرير السنوي، إعداد التقارير الإلكترونية، التصميم والطباعة والتوزيع، مشكلات التقرير الناجح | ||
| 653 | _aالإدارة | ||
| 653 | _aالإدارة العامة | ||
| 653 | _aالتقارير | ||
| 653 | _aكتابة التقارير | ||
| 942 | _cكتاب | ||
| 999 |
_c41664 _d41664 |
||